000 00838nam a2200253Ia 4500
003 OSt
005 20220923220230.0
006 a|||||r|||| 00| 0
007 ta
008 220922b |||||||| |||| 00| 0 hin d
024 _a185,272
037 _cTextual
040 _aARTS
_cARTS
_bhin
041 _2hin
_ahin
082 _aO152,1(Y15)x, K7
100 _aसुमन, क्षेमचन्द्र
245 0 _aनारी तेरे रूप अनेक
246 _aNārī tere rūp aneka
260 _aदिल्ली
_b आत्माराम एण्ड संस
_c1967
300 _a448 पृ.
_ccm.
650 _aहिन्दी साहित्य
_9156264
942 _hO152,1(Y15)x, K7
_cTEXL
_2CC
999 _c338518
_d338518